<?xml version="1.0" encoding="UTF-8"?>
<record
    xmlns:xsi="http://www.w3.org/2001/XMLSchema-instance"
    xsi:schemaLocation="http://www.loc.gov/MARC21/slim http://www.loc.gov/standards/marcxml/schema/MARC21slim.xsd"
    xmlns="http://www.loc.gov/MARC21/slim">

  <leader>00936nab a2200241 uc4500</leader>
  <controlfield tag="001">693617</controlfield>
  <controlfield tag="005">20260416155246.0</controlfield>
  <controlfield tag="008">010924e19990301                    spa  </controlfield>
  <datafield tag="035" ind1=" " ind2=" ">
    <subfield code="a">693617</subfield>
  </datafield>
  <datafield tag="035" ind1=" " ind2=" ">
    <subfield code="a">(OCoLC)819916827</subfield>
  </datafield>
  <datafield tag="040" ind1=" " ind2=" ">
    <subfield code="c">comduadb</subfield>
  </datafield>
  <datafield tag="041" ind1=" " ind2=" ">
    <subfield code="a">spa</subfield>
  </datafield>
  <datafield tag="100" ind1="1" ind2="0">
    <subfield code="a">Londo&#xF1;o V&#xE9;lez, Santiago,</subfield>
    <subfield code="d">1955-</subfield>
    <subfield code="4">aut</subfield>
    <subfield code="0">(isni)0000 0001 1611 1942</subfield>
    <subfield code="0">(viaf)27222392</subfield>
    <subfield code="e">aut</subfield>
    <subfield code="9">314093</subfield>
  </datafield>
  <datafield tag="245" ind1="1" ind2="0">
    <subfield code="a">Montanas: Debora Arango</subfield>
  </datafield>
  <datafield tag="650" ind1=" " ind2=" ">
    <subfield code="a">Arango, D&#xE9;bora, 1907-2005</subfield>
    <subfield code="9">52717</subfield>
  </datafield>
  <datafield tag="650" ind1=" " ind2=" ">
    <subfield code="a">Pintura antioque&#xF1;a</subfield>
    <subfield code="9">4294</subfield>
  </datafield>
  <datafield tag="650" ind1=" " ind2=" ">
    <subfield code="a">Pintoras antioque&#xF1;as</subfield>
    <subfield code="9">32716</subfield>
  </datafield>
  <datafield tag="650" ind1=" " ind2=" ">
    <subfield code="a">Acuarela</subfield>
    <subfield code="9">33080</subfield>
  </datafield>
  <datafield tag="650" ind1=" " ind2=" ">
    <subfield code="a">Arango, D&#xE9;bora, 1907-2005. Monta&#xF1;as</subfield>
    <subfield code="9">83111</subfield>
  </datafield>
  <datafield tag="650" ind1=" " ind2="7">
    <subfield code="a">Mujeres en el arte</subfield>
    <subfield code="2">lemb</subfield>
    <subfield code="9">44300</subfield>
  </datafield>
  <datafield tag="773" ind1="0" ind2=" ">
    <subfield code="t">Revista Credencial : Historia (Bogot&#xE1;)</subfield>
    <subfield code="g">Revista Credencial: Historia (Bogota) Protagonistas obras y sucesos siglo XX. N&#xFA;mero 109-120, Enero-Diciembre 1999, No. 111, Mar. 1999, p. 34</subfield>
    <subfield code="w">224605</subfield>
    <subfield code="x">0121-3296</subfield>
    <subfield code="0">96667</subfield>
  </datafield>
  <datafield tag="942" ind1=" " ind2=" ">
    <subfield code="c">ARIMP</subfield>
  </datafield>
  <datafield tag="999" ind1=" " ind2=" ">
    <subfield code="c">211613</subfield>
    <subfield code="d">211613</subfield>
  </datafield>
</record>
